Environmentálne aspekty ochrany životného prostredia v daňových sústavách členských štátov EÚ diplomová práca

Salvato in:
Dettagli Bibliografici
Autore principale: Šuttová, Michaela
Ente Autore: Národohospodárska fakulta EU. Katedra financií
Altri autori: Válek, Juraj, 1981-
Natura: Libro
Lingua:slovacco
Pubblicazione: Bratislava 2013
Tags: Aggiungi Tag
Nessun Tag, puoi essere il primo ad aggiungerne!!

MARC

LEADER 00000nbm a2200000 4500
001 0170530
005 20161109102352.5
041 0 |a slo 
044 |a SK 
245 1 0 |a Environmentálne aspekty ochrany životného prostredia v daňových sústavách členských štátov EÚ  |b diplomová práca  |c Michaela Šuttová ; školiteľ: Juraj Válek 
264 1 |a Bratislava  |c 2013 
300 |a 82 s. 
100 1 |a Šuttová, Michaela 
700 1 |a Válek, Juraj, 1981- 
710 2 |a Národohospodárska fakulta EU. Katedra financií